| 000 | 01928cam a22004337a 4500 | ||
|---|---|---|---|
| 003 | CHAP | ||
| 005 | 20220817043451.0 | ||
| 008 | 980902d1997 mx rs o 11 spa d | ||
| 010 | _a76064 | ||
| 011 | _a77036 | ||
| 020 | _a970-13-1760-2 | ||
| 020 | _a9701342976 | ||
| 035 | _a86634 | ||
| 040 | _cCHAP | ||
| 082 | 0 | 4 |
_a331.11 _bI56 Gro. |
| 110 | 2 |
_aInstituto Nacional de Estadística, Geografía e Informática. México _959304 |
|
| 245 | 1 | 0 |
_aEncuesta nacional de empleo : _bGuerrero _c/por Instituto Nacional de Estadística, Geografía e Informática |
| 260 |
_aAguascalientes, Ags. : _bInstituto Nacional de Estadística, Geografía e Informática, _c1997-19 |
||
| 300 |
_av. : _banexos |
||
| 500 | _aLa biblioteca tiene : 1996, 1998, 2000, 2002 | ||
| 590 |
_aBATCH-UPD _b10 _c20130110 _lUCH01 _h0625 |
||
| 590 |
_aBATCH-UPD _b10 _c20130410 _lUCH01 _h0308 |
||
| 590 |
_aBATCH-UPD _b10 _c20130914 _lUCH01 _h1154 |
||
| 590 |
_aCONVERSION _b10 _c20130109 _lUCH01 _h1342 |
||
| 650 | 1 | 4 |
_aDesempleo. _932123 |
| 650 | 1 | 4 |
_aEmpleo _xGuerrero. _936561 |
| 650 | 1 | 4 |
_aGuerrero _xCondiciones económicas. |
| 650 | 1 | 4 |
_aTrabajo y trabajadores _xGuerrero. _9114524 |
| 901 | _aBK | ||
| 905 | _aLilia Sánchez G. | ||
| 942 | _cLIBRO | ||
| 949 |
_a331.11 I56 Gro. _bBC _cINEGI _d33724000701116 _eINEGI _f1996 _h93912 _i86634 _sb |
||
| 949 |
_a331.11 I56 Gro. _bBC _cINEGI _d33724000791265 _eINEGI _f1998 c.2 _h98793 _i86634 _kDonaciØn _sb |
||
| 949 |
_a331.11 I56 Gro. _bBC _cINEGI _d33724000793493 _eINEGI _f1998 _h98611 _i86634 _kDonaciØn _sb |
||
| 949 |
_a331.11 I56 Gro. _bBC _cINEGI _d33724000846150 _eINEGI _f1996 c.2 _gDonaciØn _h101237 _i86634 _sb |
||
| 949 |
_a331.11 I56 Gro. _bBC _cINEGI _d33724000874244 _eINEGI _f2000 _gDonaciØn _h102815 _i86634 _sb |
||
| 949 |
_a331.11 I56 Gro. _bBC _cINEGI _d33724000899555 _eINEGI _f1998 c.3 _gDonaciØn _h100383 _i86634 _sb |
||
| 949 |
_a331.11 I56 Gro. _bBC _cINEGI _d33724000910782 _eINEGI _f2002 _gDonaciØn _h104055 _i86634 _sb |
||
| 999 |
_c76064 _d76064 |
||